| 000 | 00568nam a2200145Ia 4500 | ||
|---|---|---|---|
| 008 | 250506s9999 xx 000 0 und d | ||
| 024 | _a17B-023-EE, 17B-033-EE, 17B-052-EE & 17B-132-EE | ||
| 082 | _a621.988072 AHM | ||
| 100 | _aAbdul Muid Ahmed, Abdul Haq Khan, Sameer Ahmed & Aiman Binte Mujeeb | ||
| 245 | 0 | _a3D Printer (with CD) | |
| 260 |
_aKarachi: _bUIT, _c2017 |
||
| 600 | _aElectronic Engineering | ||
| 650 | _aBachelor of Engineering (BE) | ||
| 856 |
_uhttps://drive.google.com/file/d/1s3M66JYz0SGx25F1Y_qYEcGAk20yU8Q7/view?usp=sharing _yClick here for PDF |
||
| 999 |
_c29008 _d29008 |
||